| 000 | 00772nam a22002535i 4500 | ||
|---|---|---|---|
| 001 | 17974656 | ||
| 005 | 20140929092339.0 | ||
| 008 | 131218s2014 cau 000 0 eng | ||
| 010 | _a 2013957880 | ||
| 020 | _a9781446255322 (hardback : alk. paper) | ||
| 020 | _a9781446255339 (pbk. : alk. paper) | ||
| 040 |
_aDLC _beng _erda _cDLC |
||
| 042 | _apcc | ||
| 050 |
_aLB 1139.5 _b.D489 2014 |
||
| 245 | 1 | 0 |
_aDeveloping early literacy 0-8 : _bfrom theory to practice / _cedited Virginia Bower. |
| 250 | _a1st edition. | ||
| 260 |
_aLondon : _bSAGE Publication Ltd., _cc2014. |
||
| 263 | _a1402 | ||
| 300 |
_a202 pages : _c24 cm. |
||
| 521 | _aEducation | ||
| 906 |
_a0 _bibc _corignew _d2 _eepcn _f20 _gy-gencatlg |
||
| 942 |
_2lcc _cBK _kFOR |
||
| 999 |
_c275918 _d275918 |
||